000 01027nam a22003017a 4500
001 BR2017001710
003 BR-BrBNA
005 20230928105116.0
007 ta
008 230509b bl.||||| |||| 00| 0 por d
040 _aBR-BrBNA
_bpor
_cBiblioteca Nacional de Agricultura
041 _a(Por)
072 _aH20
_b2120
_b4120
090 _ 2120 BR2017001710
100 1 _aOliveira, G.
110 1 _aUniversidade Federal de Lavras, MG (Brasil)
_0Tese (Doutorado)
245 1 _aIncidência de fungos do gênero Aspergillus Seção Circumdati e Nigri em grãos de café cultivados em Minas Gerais e o efeito in vitro de fatores abióticos no crescimento e na biossintese de ocratoxina A
260 3 _aLavras, MG (Brasil):
_c2016.
300 _a97 p.
500 _aSummaries (Eng, Por); Several bibliography; 19 illus.; 11 tables
650 _aCAFÉ
650 _aASPERGILLUS NIGRUS
650 _aOCRATOXINA
650 _aFUNGO
650 _aMINAS GERAIS
909 _a202309
_bLucia
_c55
_dLucia Elande
942 _cBK
999 _c83459
_d83459